| 000 | 00672nam a22002055i 4500 | ||
|---|---|---|---|
| 001 | 176648 | ||
| 003 | ES-MaACL | ||
| 005 | 20250824012205.0 | ||
| 008 | 110128s1951 fr |||| | fre d | ||
| 080 | _a78.087.6:78.089.6 | ||
| 080 | _a78.089.6:78.087.6 | ||
| 100 | 1 |
_aMazellier, Jules. _9139516 |
|
| 245 | 1 | 0 |
_a500 dictées musicales _b: a une, deux, trois et quatre voix : classées par ordre progressif et par tonalité / _cJules Mazellier. |
| 260 |
_aParis : _bMax Eschig, _c[1951] |
||
| 300 |
_a23 p. ; _c27 cm. |
||
| 546 | _aTexto en francés. | ||
| 650 | 7 |
_aMúsica- _xTeoría _2 _9139211 |
|
| 852 |
_aES-MaACL _j2287-F-2 |
||
| 999 |
_c176648 _d176648 |
||